000 00592nam a22002177a 4500
003 UA-OsUOA
001 50702
007 ta
008 20071123b un ||||| |||| 00| 0 ukr d
100 _aГайдуцький А.П.
090 _a330(477)
_bГ-12
942 _cSA
040 _aUA-OsUOA
_bukr
_cUA-OsUOA
_dUA-OsUOA
245 _aМіграційний капітал в Україні
300 _aС.24-38
955 _a0
041 _aukr
080 _a330(477)
773 0 _w50700
_tФінанси України
_dК.
_d2007
_g5
650 7 _a330 Економіка взагалі
_2UDC
999 _c336797
_d336797